000 00946cab a2200289 4500
001 ABS44692
008 090401t1991 xxu||||| |||| 00| 0 eng d
035 _a(Sirsi) u48545
041 _aeng
100 _aRodgers, C.P.
245 _aTermination of assured shorthold tenancies
260 _c1991
350 _a0
490 _aSolicitors` Journal
_v135(24) 21 June 1991, 728-729(2)
520 _aDiscusses the problems of terminating assured shorthold tenancies under Housing Act 1988 .
650 _aASSURED TENANCIES
650 _aBREAK CLAUSES
650 _aFORFEITURE
650 _aPROTECTED TENANCIES
650 _aRE-ENTRY
650 _aPROPERTY-RESIDENTIAL PROPERTY-RESIDENTIAL LANDLORD AND TENANT-RESIDENTIAL TENANCIES
650 _aSHORTHOLD TENANCIES
650 _aTERMINATION
690 _aPROPERTY-RESIDENTIAL PROPERTY-RESIDENTIAL LANDLORD AND TENANT-RESIDENTIAL TENANCIES
942 _n0
948 _c04/03/1997
999 _c30494
_d30494